000 00929nam a2200253Mu 4500
005 20250710102846.0
008 171117s2005 ck r 000 0 spa d
020 _a9789582008024
035 _a(OCoLC)991793632
040 _aCO-BoUCM
_bspa
_cSandra Palacio
_dDavid Moreno (modificó)
041 0 _aspa
100 1 _aDonado Viloria, Donaldo Alfonso
_989155
245 1 0 _aDe la informacion a la opinion
_bLos generos periodisticos
_cDonaldo Alfonso Donado Viloria
250 _a1a.Ed
260 _aBogotá (Colombia)
_bCooperativa Editorial Magisterio
_c2005
300 _a223 Páginas
_bilustraciones
490 0 _aColección palabra
650 1 7 _aPeriodismo como profesión
_921343
650 2 7 _aPeriodismo investigativo
_921353
650 2 7 _aPeriodismo de opinión
_97908
650 2 7 _aPeriodismo
_xArte de escribir
_9186042
942 _2DEWEY
_cLIBRO
_a24
_e1
_h070.4
_mD674in
_n0
999 _c307726
_d307726